| 000 | 01015nam a2200289Ia 4500 | ||
|---|---|---|---|
| 001 | Para_666 | ||
| 003 | CHAP | ||
| 008 | 220125s1994 xx 000 0 und d | ||
| 010 | _a199426 | ||
| 040 | _cCHAP | ||
| 090 | _aPA FOLLETO 3398 | ||
| 100 |
_aCarrillo Ramírez, Humberto _919530 |
||
| 245 |
_aInvestigación y algunas estrategias de manejo sobre el amarillamiento letal del cocotero en la Peninsula de Yucatán / _c por Humberto Carrillo Ramírez y Jaime Piña Razo |
||
| 260 |
_aMocochá, Yuc. : _b INIFAP. Centro de Investigación Regional del Sureste |
||
| 300 | _a26 p. | ||
| 650 |
_aAmarillamiento letal del cocotero _9164389 |
||
| 650 |
_aCoco _x enfermedades _924241 |
||
| 700 |
_aPiña Razo, Jaime _988457 |
||
| 710 |
_aINIFAP. México. Centro de Investigación Regional del Sureste _9164426 |
||
| 901 | _aPA FOLLETO 3398 | ||
| 902 | _aA | ||
| 905 | _a0000001994 d 0000000000 00 | ||
| 910 | _a1994 | ||
| 942 | _cPARA | ||
| 942 |
_cPARA _d1 |
||
| 999 |
_c199426 _d199426 |
||